000 00431nam a2200181Ia 4500
001 3527
005 20260306145650.0
008 260306t1997||||xx |||||||||||||| ||spa||
041 _aESP
082 _a287
_bG27
100 _aGastaldi, Italo F.
_eAUT
245 0 _aEducar y evangelizar en la posmodernidad
260 _c1997
300 _a101 páginas :
_c21 cm.
650 _aGEN
654 _aCHU
942 _cLIB
_dJUS
_fJUS
_2ddc
_n
999 _c3527
_d3527